000 00631nam a2200205 a 4500
005 20210219160150.0
008 080922s2000 mx r 000 0 spa d
020 _a8485800249
035 _aUPN01000159935
049 _aUNE
080 _a008 (6) SOC No.3
245 0 0 _aAspectos sociopolíticos del parlamento tradicional en algunos países Africanos/ Robert G. Armstrong...(et al.)
260 _aBarcelona : Serbal; París : UNESCO, 1982
300 _a95 p.
500 _aIncluye bibliografía
690 _aSociologia politica- Africa
690 _aDesarrollo cultural- Africa
710 2 _aUNESCO
905 _aUNESCO
999 _c132049
_d132049